=LDR 00000nam 2200000 4500 =001 INLIS000000000059438 =005 20211112022842 =035 ##$$a 0010-1121000175 =007 ta =008 211112###########################0#ind## =020 ##$$a 979-25-2004-x =082 ##$$a 297.52 =084 ##$$a 297.52 Ahm m =245 1#$$a Misteri Semesta : $b Perjalanan Spiritual Menembus Lorong - Lorong Kesadaran Kosmik /$c Ahmed Hulusi =300 ##$$a 239 halaman : $b ilustrasi ; $c 20 cm =650 #4$$a Tasawuf =264 ##$$a Surabaya :$b AUM Publishing,$c 2006 =336 ##$$a teks$2 rdacontent =337 ##$$a lain-lain$2 rdamedia =338 ##$$a lain-lain$2 rdacarrier =990 ##$$a 28822882